[Event "2016 South Wales International"]
[Site "Cardiff"]
[Date "2016.07.07"]
[Round "2"]
[Board "10"]
[White "Rudd, Jack"]
[Black "Fathallah, Joe"]
[Result "1-0"]
[WhiteElo "2213"]
[BlackElo "1960"]
[PlyCount "0"]
[EventDate "2016.07.07"]
[EventRounds "10"]
[EventCountry "WLS"]

1. e4 {[%clk 1:30:59]} e6 {[%clk 1:30:52]} 2. d4 {[%clk 1:31:24]} d5
{[%clk 1:31:15]} 3. Nd2 {[%clk 1:31:48]} Nf6 {[%clk 1:31:26]} 4. e5
{[%clk 1:32:10]} Nfd7 {[%clk 1:31:49]} 5. f4 {[%clk 1:32:28]} c5 {[%clk 1:32:07]}
6. c3 {[%clk 1:32:52]} Nc6 {[%clk 1:32:29]} 7. Ndf3 {[%clk 1:33:18]} Qb6
{[%clk 1:32:32]} 8. a3 {[%clk 1:33:37]} Be7 {[%clk 1:29:57]} 9. b3
{[%clk 1:33:57]} a5 {[%clk 1:26:29]} 10. Ra2 {[%clk 1:34:11]} f6 {[%clk 1:24:15]}
11. Bd3 {[%clk 1:33:25]} Nf8 {[%clk 1:20:41]} 12. Ne2 {[%clk 1:32:54]} Bd7
{[%clk 1:19:27]} 13. O-O {[%clk 1:32:41]} Ng6 {[%clk 1:10:39]} 14. Kh1
{[%clk 1:26:55]} f5 {[%clk 1:06:46]} 15. c4 {[%clk 1:25:26]} Nxd4
{[%clk 1:05:47]} 16. Nexd4 {[%clk 1:25:26]} cxd4 {[%clk 1:00:31]} 17. cxd5
{[%clk 1:25:42]} exd5 {[%clk 1:00:27]} 18. Bb1 {[%clk 1:23:51]} O-O
{[%clk 0:59:21]} 19. Nxd4 {[%clk 1:23:27]} Bc5 {[%clk 0:56:44]} 20. Be3
{[%clk 1:23:19]} Rac8 {[%clk 0:52:39]} 21. a4 {[%clk 1:21:56]} Ne7
{[%clk 0:50:41]} 22. Re2 {[%clk 1:21:15]} Be6 {[%clk 0:46:57]} 23. h3
{[%clk 1:17:58]} Kh8 {[%clk 0:42:54]} 24. Qd3 {[%clk 1:16:05]} Rc7
{[%clk 0:40:37]} 25. Rc2 {[%clk 1:12:15]} Rfc8 {[%clk 0:31:13]} 26. Rfc1
{[%clk 1:06:54]} Bxd4 {[%clk 0:30:16]} 27. Bxd4 {[%clk 1:07:01]} Rxc2
{[%clk 0:30:20]} 28. Rxc2 {[%clk 1:07:16]} Qb4 {[%clk 0:28:38]} 29. Rxc8+
{[%clk 1:06:08]} Nxc8 {[%clk 0:28:26]} 30. Qc3 {[%clk 1:06:00]} Ne7
{[%clk 0:26:05]} 31. Qxb4 {[%clk 0:59:09]} axb4 {[%clk 0:26:27]} 32. Kg1
{[%clk 0:59:24]} Nc6 {[%clk 0:25:45]} 33. Bb6 {[%clk 0:59:40]} Kg8
{[%clk 0:23:54]} 34. Kf2 {[%clk 0:59:43]} Kf7 {[%clk 0:23:06]} 35. Bc2
{[%clk 0:59:35]} g5 {[%clk 0:19:03]} 36. g4 {[%clk 0:58:48]} Kg6 {[%clk 0:18:25]}
37. Kg3 {[%clk 0:58:25]} h6 {[%clk 0:17:25]} 38. h4 gxh4+ {[%clk 0:16:38]} 39.
Kxh4 {[%clk 0:57:00]} Bd7 {[%clk 0:11:56]} 40. Bc5 {[%clk 0:55:17]} Be6
{[%clk 0:09:24]} 41. Bd3 Na5 {[%clk 0:00:52]} 42. Bc2 {[%clk 0:53:12]} d4
{[%clk 0:28:07]} 43. Bxb4 {[%clk 1:23:12]} Nxb3 {[%clk 0:28:18]} 44. gxf5+ 1-0

[Event "2016 South Wales International"]
[Site "Cardiff"]
[Date "2016.07.07"]
[Round "2"]
[Board "11"]
[White "Chung, Ethan Cheung Jing"]
[Black "Gretarsson, Hjorvar Steinn"]
[Result "0-1"]
[WhiteElo "1322"]
[BlackElo "2550"]
[PlyCount "0"]
[EventDate "2016.07.07"]
[EventRounds "10"]
[EventCountry "WLS"]

1. e4 {[%clk 1:30:56]} c5 {[%clk 1:30:55]} 2. Nf3 {[%clk 1:31:18]} e6
{[%clk 1:31:20]} 3. d4 {[%clk 1:31:33]} cxd4 {[%clk 1:31:45]} 4. Nxd4
{[%clk 1:31:54]} Nc6 {[%clk 1:32:10]} 5. Nc3 {[%clk 1:32:04]} Qc7
{[%clk 1:32:35]} 6. Be3 {[%clk 1:31:33]} a6 {[%clk 1:33:00]} 7. Qd2
{[%clk 1:31:26]} Nf6 {[%clk 1:33:06]} 8. f3 {[%clk 1:31:31]} Bb4 {[%clk 1:33:09]}
9. Be2 {[%clk 1:30:49]} d5 {[%clk 1:32:25]} 10. Bd3 {[%clk 1:28:53]} Nxd4
{[%clk 1:32:37]} 11. Bxd4 {[%clk 1:29:04]} e5 {[%clk 1:32:49]} 12. Bf2
{[%clk 1:27:19]} d4 {[%clk 1:32:40]} 13. Qg5 {[%clk 1:25:43]} dxc3
{[%clk 1:31:49]} 14. b3 {[%clk 1:25:14]} O-O {[%clk 1:31:51]} 15. O-O
{[%clk 1:23:51]} Bc5 {[%clk 1:32:05]} 16. h4 {[%clk 1:21:54]} h6 {[%clk 1:32:16]}
17. Qc1 {[%clk 1:20:44]} Nh5 {[%clk 1:32:26]} 18. g4 {[%clk 1:18:24]} Nf4
{[%clk 1:32:48]} 19. Qe1 {[%clk 1:16:22]} Nh3+ {[%clk 1:32:44]} 20. Kg2
{[%clk 1:16:05]} Nxf2 {[%clk 1:33:05]} 21. Rxf2 {[%clk 1:16:21]} Bxf2
{[%clk 1:33:27]} 22. Qxf2 {[%clk 1:16:17]} Be6 {[%clk 1:33:49]} 23. Qg3
{[%clk 1:14:17]} Rfd8 {[%clk 1:33:44]} 24. g5 {[%clk 1:13:48]} h5
{[%clk 1:33:59]} 25. g6 {[%clk 1:13:08]} fxg6 {[%clk 1:33:46]} 26. Qxg6
{[%clk 1:13:22]} Qf7 {[%clk 1:33:44]} 27. Qg3 {[%clk 1:12:12]} Qf4
{[%clk 1:34:04]} 28. Qxf4 {[%clk 1:12:27]} exf4 {[%clk 1:34:26]} 29. a4
{[%clk 1:10:48]} Bxb3 {[%clk 1:34:36]} 30. cxb3 {[%clk 1:10:14]} Rxd3
{[%clk 1:34:59]} 31. Rc1 {[%clk 1:10:14]} Rc8 {[%clk 1:35:22]} 32. Kf2
{[%clk 1:09:39]} Rd2+ {[%clk 1:35:45]} 33. Ke1 {[%clk 1:09:48]} Rh2
{[%clk 1:36:10]} 34. Kd1 {[%clk 1:09:22]} Rd8+ {[%clk 1:36:27]} 0-1

[Event "2016 South Wales International"]
[Site "Cardiff"]
[Date "2016.07.07"]
[Round "2"]
[Board "13"]
[White "Braun, Walter"]
[Black "Cresswell, Mike J"]
[Result "1-0"]
[WhiteElo "2207"]
[BlackElo "1770"]
[PlyCount "0"]
[EventDate "2016.07.07"]
[EventRounds "10"]
[EventCountry "WLS"]

1. c4 {[%clk 1:30:54]} Nf6 {[%clk 1:30:50]} 2. Nc3 {[%clk 1:31:20]} g6
{[%clk 1:30:55]} 3. d4 {[%clk 1:31:43]} Bg7 {[%clk 1:30:55]} 4. Nf3
{[%clk 1:31:29]} d6 {[%clk 1:30:57]} 5. e3 {[%clk 1:31:47]} Nbd7 {[%clk 1:30:05]}
6. Be2 {[%clk 1:32:06]} O-O {[%clk 1:30:09]} 7. O-O {[%clk 1:32:04]} c5
{[%clk 1:28:50]} 8. b3 {[%clk 1:32:02]} Re8 {[%clk 1:27:07]} 9. Bb2
{[%clk 1:32:12]} cxd4 {[%clk 1:26:44]} 10. Nxd4 {[%clk 1:31:38]} Nc5
{[%clk 1:24:29]} 11. Nd5 {[%clk 1:26:45]} Nxd5 {[%clk 1:17:05]} 12. cxd5
{[%clk 1:26:22]} a6 {[%clk 1:15:43]} 13. b4 {[%clk 1:25:48]} Nd7 {[%clk 1:11:05]}
14. Rc1 {[%clk 1:25:30]} Nf8 {[%clk 1:09:20]} 15. Qc2 {[%clk 1:24:02]} e5
{[%clk 1:07:39]} 16. dxe6 {[%clk 1:23:12]} Nxe6 {[%clk 1:07:50]} 17. Rfd1
{[%clk 1:22:37]} Nxd4 {[%clk 1:04:00]} 18. Bxd4 {[%clk 1:23:01]} Bf5
{[%clk 1:03:49]} 19. Qb2 {[%clk 1:22:37]} Bxd4 20. Rxd4 Qb6 {[%clk 1:01:07]} 21.
h4 {[%clk 1:20:32]} Rac8 {[%clk 0:55:29]} 22. Rxc8 {[%clk 1:16:45]} Rxc8
{[%clk 0:55:49]} 23. Bc4 {[%clk 1:17:09]} d5 {[%clk 0:52:26]} 24. Bb3
{[%clk 1:16:36]} Be6 {[%clk 0:50:11]} 25. Qd2 {[%clk 1:16:27]} Qc7
{[%clk 0:44:24]} 26. g3 {[%clk 1:07:55]} Qc1+ {[%clk 0:43:45]} 27. Qxc1 Rxc1+ 28.
Kg2 {[%clk 1:08:03]} Rb1 {[%clk 0:40:47]} 29. Kf3 {[%clk 1:04:44]} Rb2
{[%clk 0:39:54]} 30. g4 {[%clk 1:02:45]} Kf8 {[%clk 0:35:55]} 31. Kg3
{[%clk 0:58:36]} Rb1 {[%clk 0:32:38]} 32. f3 {[%clk 0:57:29]} Ke7 33. b5 axb5
{[%clk 0:23:36]} 34. Rb4 {[%clk 0:56:42]} Bd7 {[%clk 0:23:08]} 35. Kf4
{[%clk 0:55:58]} f6 {[%clk 0:20:46]} 36. Rd4 {[%clk 0:55:05]} Bc6
{[%clk 0:19:37]} 37. Bxd5 {[%clk 0:53:09]} Bxd5 {[%clk 0:18:35]} 38. Rxd5
{[%clk 0:53:34]} Rb2 {[%clk 0:16:34]} 39. a3 {[%clk 0:52:49]} Rb3
{[%clk 0:16:45]} 40. e4 {[%clk 0:52:24]} Rxa3 {[%clk 0:14:08]} 41. Rxb5
{[%clk 0:52:45]} Ra7 {[%clk 0:14:07]} 42. Rb6 {[%clk 0:52:44]} h6
{[%clk 0:10:13]} 43. g5 {[%clk 0:50:58]} hxg5+ {[%clk 0:06:18]} 44. hxg5
{[%clk 0:50:45]} fxg5+ {[%clk 0:06:19]} 45. Kxg5 {[%clk 0:51:02]} Kf7
{[%clk 0:03:06]} 46. f4 {[%clk 0:50:35]} Ra5+ {[%clk 0:29:52]} 47. e5
{[%clk 1:20:57]} Ra7 {[%clk 0:29:34]} 48. Rf6+ {[%clk 1:20:46]} Ke7
{[%clk 0:28:55]} 49. Rxg6 {[%clk 1:20:35]} Kf7 {[%clk 0:28:13]} 50. Rh6
{[%clk 1:20:15]} Kg7 {[%clk 0:28:25]} 51. Rb6 {[%clk 1:20:39]} 1-0

[Event "2016 South Wales International"]
[Site "Cardiff"]
[Date "2016.07.07"]
[Round "2"]
[Board "14"]
[White "Byron, Alan M"]
[Black "Rovaretti, David"]
[Result "1-0"]
[WhiteElo "2136"]
[BlackElo "1635"]
[PlyCount "0"]
[EventDate "2016.07.07"]
[EventRounds "10"]
[EventCountry "WLS"]

1. e4 {[%clk 1:30:56]} e5 {[%clk 1:30:43]} 2. Nf3 {[%clk 1:31:18]} Nf6
{[%clk 1:31:00]} 3. Nxe5 {[%clk 1:31:26]} Nxe4 {[%clk 1:31:14]} 4. Qe2
{[%clk 1:30:05]} Qe7 {[%clk 1:31:39]} 5. d4 {[%clk 1:28:58]} d6 {[%clk 1:27:59]}
6. Qxe4 {[%clk 1:27:27]} dxe5 {[%clk 1:28:24]} 7. dxe5 {[%clk 1:25:35]} Nc6
{[%clk 1:27:59]} 8. Bb5 {[%clk 1:17:30]} Bd7 {[%clk 1:27:14]} 9. O-O
{[%clk 1:17:37]} O-O-O {[%clk 1:26:51]} 10. Bf4 {[%clk 1:13:47]} g5
{[%clk 1:26:25]} 11. Bxc6 {[%clk 0:57:27]} bxc6 {[%clk 1:24:15]} 12. Be3
{[%clk 0:56:43]} c5 {[%clk 1:23:10]} 13. Qa8# {[%clk 0:56:52]} 1-0

[Event "2016 South Wales International"]
[Site "Cardiff"]
[Date "2016.07.07"]
[Round "2"]
[Board "16"]
[White "Sigurdsson, Birkir Karl"]
[Black "Jaberansari, Daniel"]
[Result "1-0"]
[WhiteElo "1883"]
[BlackElo "1265"]
[PlyCount "65"]
[EventDate "2016.07.07"]
[EventRounds "10"]
[EventCountry "WLS"]

1. d4 Nf6 2. c4 g6 3. Nc3 Bg7 4. e4 d6 5. Nf3 O-O 6. Be2 e5 7. d5 Nbd7 8. O-O
Nc5 9. Qc2 b6 10. b4 Nb7 11. a3 a5 12. Bb2 Bd7 13. Nd2 c6 14. Rfd1 Qc7 15. Rac1
Bh6 16. Qd3 axb4 17. axb4 c5 18. b5 Na5 19. Rf1 Bxd2 20. Qxd2 Nb3 21. Qg5 Nxc1
22. Rxc1 Qd8 23. Rf1 Ne8 24. Qg3 Ng7 25. f4 Qe7 26. f5 Kh8 27. f6 Nf5 28. fxe7
Nxg3 29. exf8=Q+ Rxf8 30. hxg3 Kg7 31. Ra1 Rb8 32. Ra7 Be8 33. Na4 1-0

[Event "2016 South Wales International"]
[Site "Cardiff"]
[Date "2016.07.07"]
[Round "2"]
[Board "17"]
[White "Bonutto, Stephen"]
[Black "Waterfield, John W"]
[Result "0-1"]
[WhiteElo "1391"]
[BlackElo "1980"]
[PlyCount "60"]
[EventDate "2016.07.07"]
[EventRounds "10"]
[EventCountry "WLS"]

1. e4 c5 2. Nf3 Nc6 3. d4 cxd4 4. Nxd4 g6 5. g3 Bg7 6. Be3 Nf6 7. Nc3 d5 8.
exd5 Nxd5 9. Nxc6 bxc6 10. Nxd5 Qxd5 11. Qxd5 cxd5 12. Bb5+ Bd7 13. Bxd7+ Kxd7
14. O-O-O Kc6 15. Rhe1 e5 16. f3 d4 17. Bf2 Rhe8 18. Rd3 f5 19. Ra3 a5 20. Rd1
a4 21. Kb1 Bf8 22. Rad3 Bc5 23. Rc1 e4 24. Rdd1 Rad8 25. fxe4 fxe4 26. Bg1 a3
27. Re1 axb2 28. Rcd1 Bb4 29. Rf1 Bc3 30. Rf7 e3 0-1

[Event "2016 South Wales International"]
[Site "Cardiff"]
[Date "2016.07.07"]
[Round "2"]
[Board "18"]
[White "Robertson, Jim"]
[Black "Morcom, Huw"]
[Result "1/2-1/2"]
[WhiteElo "1649"]
[BlackElo "1952"]
[PlyCount "75"]
[EventDate "2016.07.07"]
[EventRounds "10"]
[EventCountry "WLS"]

1. d4 g6 2. e3 Bg7 3. f4 Nf6 4. Nf3 d6 5. Bc4 O-O 6. O-O a6 7. a4 d5 8. Bd3 c5
9. c3 b6 10. Nbd2 Bb7 11. Ng5 h6 12. Nh3 Nbd7 13. f5 g5 14. Nf2 e5 15. fxe6
fxe6 16. b3 e5 17. Bb2 e4 18. Be2 Rf7 19. c4 Qe7 20. cxd5 Bxd5 21. dxc5 Nxc5
22. Nc4 Rd8 23. Qc2 b5 24. axb5 axb5 25. Na5 b4 26. Rfd1 Rff8 27. Nc4 Nd3 28.
Nxd3 exd3 29. Bxd3 Ng4 30. Bh7+ Kh8 31. Bxg7+ Qxg7 32. Bf5 Ne5 33. Nxe5 Qxe5
34. e4 Be6 35. Rxd8 Rxd8 36. Rd1 Rf8 37. Bxe6 Qxe6 38. Qd3 1/2-1/2

[Event "2016 South Wales International"]
[Site "Cardiff"]
[Date "2016.07.07"]
[Round "2"]
[Board "19"]
[White "Davis, Lee"]
[Black "Harris, Calum"]
[Result "1/2-1/2"]
[WhiteElo "1946"]
[BlackElo "1675"]
[PlyCount "89"]
[EventDate "2016.07.07"]
[EventRounds "10"]
[EventCountry "WLS"]

1. d4 e6 2. Nf3 c5 3. c4 cxd4 4. Nxd4 Nf6 5. g3 d5 6. Bg2 Nc6 7. O-O Bc5 8.
Nxc6 bxc6 9. Nc3 O-O 10. Qc2 Qe7 11. Bg5 Bd6 12. cxd5 exd5 13. e4 d4 14. Na4
Bd7 15. Rfe1 h6 16. Bxf6 Qxf6 17. Nc5 Bxc5 18. Qxc5 d3 19. e5 Qg6 20. Rad1 Rfd8
21. Re4 Bh3 22. Rd4 Bxg2 23. Kxg2 Rd5 24. Rxd5 Qe4+ 25. Kg1 cxd5 26. Qc3 Re8
27. Qxd3 Qxe5 28. Qd4 Qxd4 29. Rxd4 Re2 30. Ra4 d4 31. Rxd4 Rxb2 32. Ra4 Rb7
33. Kg2 g6 34. Kf3 Re7 35. Re4 Rd7 36. Ke3 Kg7 37. Rd4 Rc7 38. Kd3 Kf6 39. h3
Ke6 40. Re4+ Kf6 41. Re2 Kf5 42. Kd4 f6 43. a4 Rc1 44. Ra2 Ke6 45. Ra3 1/2-1/2

[Event "2016 South Wales International"]
[Site "Cardiff"]
[Date "2016.07.07"]
[Round "2"]
[Board "20"]
[White "Hurn, Robert Aj"]
[Black "James, Dai"]
[Result "1/2-1/2"]
[WhiteElo "1623"]
[BlackElo "1926"]
[PlyCount "81"]
[EventDate "2016.07.07"]
[EventRounds "10"]
[EventCountry "WLS"]

1. d4 f5 2. Bg5 g6 3. e3 Bg7 4. c3 Nf6 5. Nd2 O-O 6. Ngf3 d6 7. b4 Qe8 8. Qb3+
Kh8 9. Be2 e5 10. O-O Be6 11. Bc4 Bxc4 12. Qxc4 c6 13. Rad1 e4 14. Ne1 Nbd7 15.
Nc2 Rc8 16. Qb3 b5 17. Bf4 Qe7 18. Bg5 h6 19. Bh4 g5 20. Bg3 Nd5 21. h3 f4 22.
Bh2 h5 23. c4 bxc4 24. Qxc4 g4 25. hxg4 hxg4 26. exf4 Nxf4 27. Rde1 d5 28. Qb3
Nd3 29. Qxd3 exd3 30. Rxe7 dxc2 31. Rxd7 Bxd4 32. Nb3 Bb2 33. Rxa7 Rce8 34. Bd6
Rf6 35. Bg3 Rfe6 36. f3 Re3 37. Ra6 Rxb3 38. axb3 c1=Q 39. Rxc1 Bxc1 40. Rxc6
Be3+ 41. Bf2 1/2-1/2

[Event "2016 South Wales International"]
[Site "Cardiff"]
[Date "2016.07.07"]
[Round "2"]
[Board "21"]
[White "Parry, Matthew"]
[Black "Jones, Jeremy"]
[Result "1-0"]
[WhiteElo "1909"]
[BlackElo "1595"]
[PlyCount "65"]
[EventDate "2016.07.07"]
[EventRounds "10"]
[EventCountry "WLS"]

1. d4 d5 2. c4 c6 3. Nf3 Nf6 4. Nc3 e6 5. cxd5 exd5 6. Bg5 Be7 7. Qc2 h6 8. Bh4
Be6 9. e3 O-O 10. Bd3 Nbd7 11. O-O Bd6 12. a3 Bg4 13. Nd2 Be6 14. e4 dxe4 15.
Ndxe4 Be7 16. Bg3 Nxe4 17. Nxe4 Nf6 18. Nc5 Qxd4 19. Nxe6 fxe6 20. Rad1 Qc5 21.
Qe2 e5 22. Bxe5 Nd5 23. Qe4 Nf6 24. Bxf6 Rxf6 25. Qh7+ Kf7 26. b4 Qc3 27. Rc1
Qxa3 28. Bc4+ Ke8 29. Qg8+ Rf8 30. Qxg7 Rd8 31. Rcd1 Rxd1 32. Rxd1 Qxb4 33.
Qg6+ 1-0

[Event "2016 South Wales International"]
[Site "Cardiff"]
[Date "2016.07.07"]
[Round "2"]
[Board "22"]
[White "Orton, Paul"]
[Black "Mccarthy, Damian"]
[Result "1/2-1/2"]
[WhiteElo "1595"]
[BlackElo "1878"]
[PlyCount "81"]
[EventDate "2016.07.07"]
[EventRounds "10"]
[EventCountry "WLS"]

1. e4 c5 2. Nc3 g6 3. Nf3 Bg7 4. b3 Nc6 5. Bb2 d6 6. g3 e5 7. Bg2 Nge7 8. O-O
O-O 9. d3 f5 10. Qe2 f4 11. Nd5 h6 12. Rae1 g5 13. h3 Be6 14. Nxe7+ Qxe7 15. g4
Qd7 16. Nh2 b5 17. Bf3 a5 18. a4 bxa4 19. bxa4 Rfb8 20. c3 Rb6 21. c4 Rb4 22.
Qc2 Nd4 23. Bxd4 cxd4 24. Ra1 Rab8 25. Rfb1 Qb7 26. Rxb4 Qxb4 27. Bd1 Bf6 28.
Nf1 Qb2 29. Nd2 Qxc2 30. Bxc2 Bd8 31. Rb1 Rxb1+ 32. Nxb1 Bb6 33. Na3 Bc5 34.
Nb5 Kf7 35. Kf1 Ke7 36. f3 Kd7 37. Ke1 Bb4+ 38. Kd1 Kc6 39. Bb3 Kc5 40. Kc2 Kc6
41. Na7+ 1/2-1/2

[Event "2016 South Wales International"]
[Site "Cardiff"]
[Date "2016.07.07"]
[Round "2"]
[Board "23"]
[White "Gosling, Brian G E"]
[Black "Cox, John"]
[Result "1-0"]
[WhiteElo "1842"]
[BlackElo "1469"]
[PlyCount "63"]
[EventDate "2016.07.07"]
[EventRounds "10"]
[EventCountry "WLS"]

1. e4 d6 2. Nf3 Nf6 3. d3 e5 4. g3 Be7 5. Bg2 Nc6 6. c3 Bg4 7. Nbd2 O-O 8. h3
Bxf3 9. Nxf3 d5 10. Qe2 dxe4 11. dxe4 Bc5 12. O-O Qe7 13. Nh4 Qe6 14. Kh2 Rfe8
15. b4 Bb6 16. a4 a6 17. Nf5 Ne7 18. Ne3 Rad8 19. Nc4 Nd7 20. a5 Ba7 21. f4 f5
22. exf5 Nxf5 23. Nxe5 Nxe5 24. fxe5 c6 25. Bf4 Bb8 26. Rae1 h6 27. h4 Qb3 28.
Qg4 Rf8 29. Be4 Qf7 30. Bc1 Bxe5 31. Rxf5 Qc7 32. Rxe5 1-0

[Event "2016 South Wales International"]
[Site "Cardiff"]
[Date "2016.07.07"]
[Round "2"]
[Board "24"]
[White "Ray, Hiya"]
[Black "Wagner, Guy"]
[Result "0-1"]
[WhiteElo "1442"]
[BlackElo "1817"]
[PlyCount "88"]
[EventDate "2016.07.07"]
[EventRounds "10"]
[EventCountry "WLS"]

1. d4 e6 2. Nf3 f5 3. Bg5 Be7 4. Bxe7 Qxe7 5. Nc3 Nf6 6. Qd2 b6 7. e3 Bb7 8.
O-O-O Nc6 9. Bd3 O-O-O 10. e4 fxe4 11. Nxe4 Nb4 12. Nxf6 Nxd3+ 13. Qxd3 Qxf6
14. Ne5 Bxg2 15. Rhg1 Bb7 16. Qg3 g6 17. Qa3 Kb8 18. Rd2 Rhe8 19. Rg3 d6 20.
Nc4 e5 21. d5 Qf4 22. Ne3 Rf8 23. Rg4 Qf3 24. Rg2 Rf4 25. Qd3 Rdf8 26. Qf1 Rd4
27. Rg3 Qf7 28. Re2 Ba6 29. c4 Bxc4 30. Nxc4 Rxc4+ 31. Kb1 Qxd5 32. Qe1 Rff4
33. Rd2 Qe4+ 34. Qxe4 Rcxe4 35. Kc2 Rf7 36. Kb3 Ref4 37. Rg2 Kb7 38. Rc2 c6 39.
a3 d5 40. Ka2 e4 41. Kb1 c5 42. Kc1 d4 43. Kd1 Rf3 44. Ke1 e3 0-1

[Event "2016 South Wales International"]
[Site "Cardiff"]
[Date "2016.07.07"]
[Round "2"]
[Board "25"]
[White "Bridges, Paul"]
[Black "Chapman, Dafydd"]
[Result "1-0"]
[WhiteElo "1812"]
[BlackElo "1392"]
[PlyCount "65"]
[EventDate "2016.07.07"]
[EventRounds "10"]
[EventCountry "WLS"]

1. e4 c5 2. Nc3 Nc6 3. f4 d6 4. Nf3 Nf6 5. d3 e6 6. Be2 d5 7. e5 Nd7 8. O-O d4
9. Ne4 Be7 10. c3 b5 11. Bd2 Bb7 12. Qe1 f5 13. Neg5 Bxg5 14. Nxg5 Qe7 15. Bf3
h6 16. Bh5+ Kf8 17. Nf7 Rg8 18. Nd6 Nb6 19. Nxb5 Rd8 20. cxd4 Nxd4 21. Nxd4
Rxd4 22. Be3 Rxd3 23. Rc1 Nd7 24. Qf2 Be4 25. Be2 Rd5 26. Bc4 Bd3 27. Bxd5 Bxf1
28. Bb3 Bb5 29. Bxc5 Nxc5 30. Qxc5 Qxc5+ 31. Rxc5 Bd7 32. Rc7 Ke8 33. Rxa7 1-0

[Event "2016 South Wales International"]
[Site "Cardiff"]
[Date "2016.07.07"]
[Round "2"]
[Board "26"]
[White "Thomas, Roy"]
[Black "O`rourke, Kevin"]
[Result "0-1"]
[WhiteElo "1751"]
[BlackElo "1367"]
[PlyCount "78"]
[EventDate "2016.07.07"]
[EventRounds "10"]
[EventCountry "WLS"]

1. f4 d5 2. e3 Nf6 3. Nf3 Bg4 4. Be2 Nc6 5. O-O e6 6. b3 Bd6 7. Bb2 Bxf3 8.
Bxf3 e5 9. Qe1 e4 10. Be2 h5 11. a3 Be7 12. d4 exd3 13. cxd3 d4 14. e4 Ng4 15.
Bxg4 hxg4 16. Nd2 Qd6 17. g3 Qh6 18. Rf2 O-O-O 19. b4 f6 20. Rc1 Bd6 21. Nc4
Bxf4 22. Rxf4 Qxh2+ 23. Kf1 Qh1+ 24. Ke2 Rh2+ 25. Rf2 Qf3+ 26. Kd2 Rxf2+ 27.
Qxf2 Qxf2+ 28. Kd1 Qxg3 29. Kc2 Qf2+ 30. Kb1 g3 31. b5 Ne5 32. b6 Nc6 33. bxa7
Nxa7 34. Nb6+ Kb8 35. Nd5 Qe2 36. Nf4 Qg4 37. Nd5 g2 38. Bxd4 f5 39. Nxc7 Rxd4
 0-1

[Event "2016 South Wales International"]
[Site "Cardiff"]
[Date "2016.07.08"]
[Round "3"]
[Board "1"]
[White "Petrov, Marian"]
[Black "Webb, Laurence E"]
[Result "1-0"]
[WhiteElo "2461"]
[BlackElo "2286"]
[PlyCount "0"]
[EventDate "2016.07.07"]
[EventRounds "10"]
[EventCountry "WLS"]

1. e4 {[%clk 1:30:15]} e6 {[%clk 1:30:26]} 2. Qe2 {[%clk 1:30:27]} e5
{[%clk 1:28:53]} 3. Nf3 {[%clk 1:30:25]} Nc6 {[%clk 1:29:15]} 4. c3
{[%clk 1:30:14]} Nf6 {[%clk 1:26:24]} 5. g3 {[%clk 1:27:23]} Bc5 {[%clk 1:23:48]}
6. b4 {[%clk 1:23:36]} Bb6 {[%clk 1:18:19]} 7. Bg2 {[%clk 1:19:45]} d6
{[%clk 1:17:28]} 8. O-O {[%clk 1:20:05]} O-O {[%clk 1:17:20]} 9. Na3
{[%clk 1:18:41]} a6 {[%clk 1:06:40]} 10. d3 {[%clk 1:14:55]} Be6 {[%clk 1:05:51]}
11. Nc4 {[%clk 1:08:18]} Bxc4 {[%clk 0:59:39]} 12. dxc4 {[%clk 1:07:49]} a5
{[%clk 0:59:35]} 13. c5 {[%clk 0:57:01]} dxc5 {[%clk 0:55:36]} 14. b5
{[%clk 0:56:46]} Na7 {[%clk 0:55:26]} 15. Bb2 {[%clk 0:44:13]} c6
{[%clk 0:38:08]} 16. c4 {[%clk 0:43:40]} Nd7 {[%clk 0:37:28]} 17. Nxe5
{[%clk 0:37:37]} Nxe5 {[%clk 0:36:32]} 18. Bxe5 {[%clk 0:38:04]} Qe7
{[%clk 0:33:48]} 19. Bc3 {[%clk 0:37:23]} cxb5 {[%clk 0:33:02]} 20. cxb5
{[%clk 0:37:43]} Nc8 {[%clk 0:23:56]} 21. Rad1 {[%clk 0:34:07]} Nd6
{[%clk 0:21:00]} 22. Qg4 {[%clk 0:30:16]} f6 {[%clk 0:17:05]} 23. Rxd6
{[%clk 0:23:53]} Qxd6 {[%clk 0:14:07]} 24. Rd1 {[%clk 0:24:02]} Qe7
{[%clk 0:12:13]} 25. Rd7 {[%clk 0:24:18]} h5 {[%clk 0:12:36]} 26. Qf5
{[%clk 0:24:34]} Qe8 {[%clk 0:12:27]} 27. Bf1 {[%clk 0:23:17]} Kh8
{[%clk 0:07:17]} 28. Bc4 {[%clk 0:23:10]} Bd8 {[%clk 0:07:25]} 29. Rxb7
{[%clk 0:22:19]} a4 {[%clk 0:06:16]} 30. Bd5 {[%clk 0:20:37]} a3 {[%clk 0:05:30]}
31. Bc6 {[%clk 0:20:31]} g6 {[%clk 0:03:31]} 32. Qf4 {[%clk 0:19:45]} 1-0